Score 0/144 Timer 20:00
4 Plays Today
Abbreviation Meaning % Correct
AfghanAfghanistan
96%
AfrAfrica
94.8%
AmerAmerica(n)
94.7%
ArizArizona
94.4%
Atl. OcAtlantic Ocean
93.8%
AlaAlabama
93.8%
CalifCalifornia
92.2%
NNorth
91.8%
ArkArkansas
91.4%
SSouth
91%
KansKansas
90.9%
BanglaBangladesh
90.6%
Dom.RepDominican Republic
90.4%
CzechCzechia
90.3%
WWest
90.2%
N.MexNew Mexico
89.8%
WashWashington
89.7%
IllIllinois
89.5%
SwitzSwitzerland
89.4%
N.YNew York
89.3%
U.S.AUnited States of America
89.3%
Ivory.CIvory Coast
89.3%
N.DakNorth Dakota
89.2%
MadagMadagascar
89.2%
OklaOklahoma
88.9%
U.KUnited Kingdom
88.8%
TexTexas
88.7%
N.JNew Jersey
88.2%
DominDominica
88.1%
Ind.OcIndian Ocean
88.1%
MichMichigan
88%
NebrNebraska
88%
OregOregon
88%
MinnMinnesota
87.8%
MissMississippi
87.7%
WyoWyoming
87.6%
S.DakSouth Dakota
87.5%
N.ZNew Zealand
87.4%
E.SalvEl Salvador
87.3%
NethsNetherlands
87%
Pac. OcPacific Ocean
87%
LuxLuxembourg
86.9%
TennTennessee
86.8%
EEast
86.8%
IndIndiana
86.7%
WisWisconsin
86.4%
N.CNorth Carolina
86.2%
OntOntario
85.8%
Abbreviation Meaning % Correct
Papua. N.GPapua New Guinea
85.7%
MozamMozambique
85.7%
FrFrench
85.5%
ConnConnecticut
85.2%
MontMontana
85%
DelDelaware
84.6%
Mt.(s)Mountain
84.6%
MassMassachusetts
84.3%
Si. ArabiaSaudi Arabia
84.1%
N.HNew Hampshire
83.8%
NevNevada
83.7%
W.VaWest Virginia
83.6%
FlaFlorida
82.7%
PaPennsylvania
82.5%
Trn & TobTrinidad & Tobago
82.5%
U.A.EUnited Arab Emirates
82.3%
LiechLiechtenstein
82.2%
S.LeoneSierra Leone
81.3%
S.CSouth Carolina
81.3%
ColoColorado
79.7%
KyKentucky
79.5%
Falk.IsFalkland Islands
79.1%
Eq.GuinEquatorial Guinea
77.6%
D.C.District of Columbia
77.6%
VaVirginia
77.2%
R.IRhode Island
76.6%
VicVictoria
75.6%
Medit.SMediterranean Sea
75.5%
Bos.-HBosnia-Herzegovina
75.4%
TasTasmania
75.4%
VtVermont
74.4%
Guinea-BissGuinea-Bissau
72.9%
MdMaryland
72.9%
CentCentral
72%
B.C.British Columbia
71.8%
MoMissouri
71.7%
GaGeorgia
70%
DemDemocratic
69.9%
ProvProvince
69.6%
RepRepublic
69.1%
MeMaine
69%
LaLouisiana
68.1%
I.(s)Island
68%
QueQuebec
66.7%
QueensQueensland
66.2%
SibSiberia
64.6%
HarbHarbor
63.7%
H.K.Hong Kong
62.7%
Abbreviation Meaning % Correct
NicNicaragua
62%
NatNational
60.6%
N.S.WNew South Wales
59.8%
C.A.RCentral African Republic
59.6%
TerrTerritory
58.8%
SaskSaskatchewan
58.2%
HtsHeights
57.6%
N.W.TNorthwest Territories
53.6%
N.BNew Brunswick
53.2%
Nfld & LNewfoundland and Labrador
53.1%
PPass
50.7%
DetDetroit
50.6%
PtPoint
50.2%
PlatPlateau
49.9%
VolVolcano
46.5%
ChanChannel
43.9%
AlbAlberta
41.5%
P.E.IPrince Edward Island
41%
StrStrait
40.6%
PhilPhilippines
40%
LdLand
39.2%
StSaint
35.9%
N.SNova Scotia
35.6%
ManManitoba
33.4%
DesDesert
31.9%
LLake
31%
PassPassage
29.9%
RRiver
28.9%
N. CalNew Caledonia
27.6%
PkPeak
27.4%
GtGreat
26.8%
RegRegion
25.5%
ArchArchipelago
23.1%
ResReserve
22%
SprsSprings
21.4%
CCape
20%
FdFjord
19.4%
PenPeninsula
18.5%
CrCreek
17.6%
A.C.T.Australian Capital Territory
16.3%
B.Bay
15.9%
HdHead
15.7%
SdSound
11.8%
GGulf
9.7%
RaRange
8.3%
DepDependency
7.1%
C.ProvCape Province
4.2%
A.R.Autonomous Region
2.7%
Remove Ads.
Support Sporcle.
Get the best of Sporcle when you Go Orange. This ad-free experience offers more features, more stats, and more fun while also helping to support Sporcle. Thank you for becoming a member.

You're not logged in!

Compare scores with friends on all Sporcle quizzes.
OR
Log In

Show Comments

Extras

Top Quizzes Today


Score Distribution

Your Account Isn't Verified!

In order to create a playlist on Sporcle, you need to verify the email address you used during registration. Go to your Sporcle Settings to finish the process.

Report this User

Report this user for behavior that violates our Community Guidelines.

Details: